| 000 | 00677aam a2200277 4500 | ||
|---|---|---|---|
| 005 | 20231213110944.0 | ||
| 008 | 150528b2003 xxu||||| |||| 00| 0 spa d | ||
| 020 | _a9507684484 | ||
| 041 | _aESP | ||
| 082 | _a646.727 S263b | ||
| 100 |
_aSavatoure, Mercedes L. _920404 |
||
| 245 | _aBelleza de manos y pies | ||
| 260 | _aArgentina | ||
| 260 | _bGrupo Imaginador de Ediciones | ||
| 260 | _c2003 | ||
| 300 | _a32 páginas | ||
| 650 | _aCUIDADO DE LAS UÑAS | ||
| 650 | _aMANICURA | ||
| 650 | _aUÑAS | ||
| 650 | _aMANICURA FRANCESA | ||
| 650 | _aCORTADO DE UÑAS | ||
| 650 | _aCUTÍCULAS | ||
| 650 | _aHERRAMIENTAS | ||
| 650 | _aVITAMINAS | ||
| 942 |
_cBK _2ddc |
||
| 999 |
_c2373 _d2373 |
||